000 00306nam a2200109Ia 4500
008 171211s9999 xx 000 0 und d
245 _aJeff Galloway - Your Personal Running Journal
245 _cJeff Galloway
260 _c2011
650 _xitness
856 _uhttp://down.ebook777.com/064/1841263400.pdf
999 _c348848
_d348848